书目信息 |
| 题名: |
绩效管理实务手册
|
|
| 作者: | 武欣 编著 | |
| 分册: | ||
| 出版信息: | 北京 机械工业出版社 2005 |
|
| 页数: | 15, 267页 | |
| 开本: | 24cm | |
| 丛书名: | 现代企业人力资源管理实务丛书 | |
| 单 册: | ||
| 中图分类: | F272.92-62 | |
| 科图分类: | ||
| 主题词: | 企业管理--qi ye guan li--人事管理--手册 | |
| 电子资源: | ||
| ISBN: | 7-111-15388-X | |
| 000 | 01014nam 2200265 450 | |
| 001 | 012006117108 | |
| 005 | 20060119091227.25 | |
| 010 | @a7-111-15388-X@dCNY28.00 | |
| 100 | @a20060119d2005 km y0chiy0120 ea | |
| 101 | 0 | @achi |
| 102 | @aCN@b110000 | |
| 105 | @aa a 000yy | |
| 200 | 1 | @a绩效管理实务手册@Aji xiao guan li shi wu shou ce@f武欣编著@Fwu xin bian zhu |
| 205 | @a第2版 | |
| 210 | @a北京@c机械工业出版社@d2005 | |
| 215 | @a15, 267页@c图@d24cm | |
| 225 | 2 | @a现代企业人力资源管理实务丛书@Axian dai qi ye ren li zi yuan guan li shi wu cong shu@f主编郑晓明 |
| 320 | @a有书目。 | |
| 330 | @a本书从系统的视角展现了绩效管理的全过程,内容包括:绩效管理的基础工作、关键绩效指标的设定、绩效计划、绩效的实施与管理、绩效评估等。 | |
| 410 | 0 | @12001 @a现代企业人力资源管理实务丛书@1701 0@a郑晓明@Azheng xiao ming@4主编 |
| 606 | 0 | @a企业管理@Aqi ye guan li@x人事管理@j手册 |
| 690 | @aF272.92-62@v4 | |
| 701 | 0 | @a武欣@Awu xin@4编著 |
| 801 | 0 | @aCN@bQSSK@c20060119 |
| 905 | @a10447@dF272.92-62@eW988 | |
| 绩效管理实务手册/武欣编著.-第2版.-北京:机械工业出版社,2005 |
| 15, 267页:图;24cm.-(现代企业人力资源管理实务丛书/主编郑晓明) |
| ISBN 7-111-15388-X:CNY28.00 |
| 本书从系统的视角展现了绩效管理的全过程,内容包括:绩效管理的基础工作、关键绩效指标的设定、绩效计划、绩效的实施与管理、绩效评估等。 |
| ● |
| 相关链接 |
|
|
|
正题名:绩效管理实务手册
索取号:F272.92-62/W988
 
预约/预借
| 序号 | 登录号 | 条形码 | 馆藏地/架位号 | 状态 | 备注 |
| 1 | 579415 | 205794158 | 社科库409/409社科库 91排2列4层/ [索取号:F272.92-62/W988] | 在馆 | |
| 2 | 579416 | 205794167 | 社科库409/409社科库 91排2列4层/ [索取号:F272.92-62/W988] | 在馆 | |
| 3 | 579417 | 205794176 | 社科库409/409社科库 91排2列4层/ [索取号:F272.92-62/W988] | 在馆 |